[Event "MCR mladeze 2014, D10"]
[Site "Kouty nad Desnou"]
[Date "2014.03.08"]
[Round "1"]
[White "Lhotska, Anna"]
[Black "Malkova, Adriana"]
[Result "0-1"]
[WhiteElo "1160"]
[BlackElo "1309"]
[PlyCount "76"]
[EventDate "2014.??.??"]

1. e4 c5 2. Nf3 a6 3. d4 cxd4 4. Nxd4 Nf6 5. Nc3 e5 6. Nf3 Bb4 7. Bc4 Nxe4 8.
Qd5 Nd6 9. Nxe5 O-O 10. O-O Nc6 11. Re1 Re8 12. Bd2 Qf6 13. a3 Rxe5 14. Rxe5
Nxe5 15. axb4 Ndxc4 16. Ne4 Qg6 17. Kh1 Nxd2 18. Qxe5 Qxe4 19. Qxe4 Nxe4 20.
Re1 Nd6 21. Rd1 Ne8 22. Re1 Nf6 23. g4 b6 24. g5 Bb7+ 25. Kg1 Ne4 26. f3 Nxg5
27. f4 Nf3+ 28. Kf2 Nxe1 29. Kxe1 f6 30. Kd2 Kf7 31. Ke3 Re8+ 32. Kd3 Ke6 33.
Kd4 Kf5 34. c4 Kxf4 35. c5 Re6 36. cxb6 Rd6+ 37. Kc5 Ke5 38. h4 Rc6# 0-1

[Event "MCR mladeze 2014, D10"]
[Site "Kouty nad Desnou"]
[Date "2014.03.08"]
[Round "1"]
[White "Vavrinova, Anna"]
[Black "Stastna, Martina"]
[Result "0-1"]
[WhiteElo "1284"]
[BlackElo "1119"]
[PlyCount "20"]
[EventDate "2014.??.??"]

1. e4 e5 2. f4 d5 3. exd5 c6 4. fxe5 Qh4+ 5. g3 Qe4+ 6. Qe2 Qxh1 7. Nf3 Bg4 8.
Kf2 Bc5+ 9. d4 Bxd4+ 10. Nxd4 Bxe2 0-1

[Event "MCR mladeze 2014, D10"]
[Site "Kouty nad Desnou"]
[Date "2014.03.08"]
[Round "1"]
[White "Ruzickova, Ema"]
[Black "Garska, Lenka"]
[Result "0-1"]
[WhiteElo "1116"]
[BlackElo "1273"]
[PlyCount "72"]
[EventDate "2014.??.??"]

1. e4 e5 2. Nf3 Nc6 3. Nc3 Nf6 4. Bb5 a6 5. Bxc6 dxc6 6. O-O Bd6 7. d4 exd4 8.
Nxd4 O-O 9. Bg5 h6 10. Bh4 Be7 11. e5 Nd5 12. Bxe7 Qxe7 13. Nxd5 cxd5 14. Re1
c6 15. Qd3 Qg5 16. Re2 Re8 17. Nf3 Qf5 18. Qe3 f6 19. Nh4 Qxe5 20. Qf3 Qxe2 21.
Qxe2 Rxe2 22. Ng6 Bf5 23. h3 Bxg6 24. Rc1 Rxc2 25. Rb1 Rxf2 26. Kxf2 Bxb1 27.
a4 d4 28. Ke2 d3+ 29. Kd2 Re8 30. Kc1 Bc2 31. Kd2 Kf7 32. Kc1 Re1+ 33. Kd2 Re2+
34. Kc1 Bb3 35. a5 d2+ 36. Kb1 d1=R# 0-1

[Event "MCR mladeze 2014, D10"]
[Site "Kouty nad Desnou"]
[Date "2014.03.08"]
[Round "1"]
[White "Korenova, Karolina"]
[Black "Habinova, Alice"]
[Result "1-0"]
[WhiteElo "1256"]
[BlackElo "1100"]
[PlyCount "39"]
[EventDate "2014.??.??"]

1. e4 c5 2. d4 cxd4 3. Qxd4 Nc6 4. Qa4 e5 5. Nf3 Bc5 6. Bb5 Nf6 7. Nc3 O-O 8.
Bxc6 dxc6 9. O-O b5 10. Nxb5 cxb5 11. Qxb5 Bd6 12. Rd1 Qe7 13. Qc6 Bd7 14. Qxd6
Qxd6 15. Rxd6 Rae8 16. Bg5 Nxe4 17. Rxd7 Nxg5 18. Nxg5 h6 19. Nf3 e4 20. Nd4
1-0

[Event "MCR mladeze 2014, D10"]
[Site "Kouty nad Desnou"]
[Date "2014.03.08"]
[Round "1"]
[White "Michalkova, Viktorie Nela"]
[Black "Dvorakova, Olga"]
[Result "0-1"]
[WhiteElo "1100"]
[BlackElo "1245"]
[PlyCount "54"]
[EventDate "2014.03.08"]

1. e4 e5 2. Nf3 Nc6 3. Nc3 Bc5 4. Bc4 d6 5. h3 Nf6 6. d3 Be6 7. Bg5 Qe7 8. Qd2
Na5 9. b3 Nxc4 10. bxc4 c6 11. O-O O-O 12. Rab1 Rad8 13. Bh4 d5 14. exd5 cxd5
15. cxd5 Bxd5 16. Rb5 Bc4 17. Ra5 b6 18. Ra4 b5 19. Ra6 b4 20. Ne4 Bxa6 21. Rb1
Bb7 22. Nfg5 h6 23. Nf3 Bxe4 24. Ne1 Qe6 25. Rb3 Rd6 26. g3 Qxh3 27. Qe2 Qh1#
0-1

[Event "MCR mladeze 2014, D10"]
[Site "Kouty nad Desnou"]
[Date "2014.03.08"]
[Round "1"]
[White "Vsetulova, Viktorie"]
[Black "Ruzickova, Aneta"]
[Result "1-0"]
[WhiteElo "1241"]
[BlackElo "1083"]
[PlyCount "92"]
[EventDate "2014.03.08"]

1. e4 e5 2. Nf3 Nc6 3. Bc4 Bc5 4. c3 Nf6 5. d4 exd4 6. cxd4 Bb4+ 7. Nc3 d6 8.
O-O a6 9. Bg5 h6 10. Bxf6 Qxf6 11. e5 Qg6 12. Re1 Bh3 13. g3 O-O 14. d5 Na5 15.
Be2 dxe5 16. Nxe5 Qf5 17. Bg4 Bxg4 18. Qxg4 Qxg4 19. Nxg4 Bxc3 20. bxc3 g6 21.
Nxh6+ Kg7 22. Ng4 Rad8 23. Rad1 f5 24. Re7+ Rf7 25. Rxf7+ Kxf7 26. Ne5+ Kf6 27.
f4 c6 28. d6 Ke6 29. d7 b5 30. Re1 Nb7 31. Nxc6+ Kxd7 32. Nxd8 Kxd8 33. Re6 a5
34. Rxg6 Nc5 35. Rd6+ Kc7 36. Rd5 Kc6 37. Rxf5 Ne4 38. h4 Nxc3 39. h5 b4 40.
Rxa5 Kb6 41. Ra4 Nxa4 42. h6 Nc3 43. h7 Nxa2 44. h8=Q Kc5 45. Qb2 Nc3 46. f5
Nd5 1-0

[Event "MCR mladeze 2014, D10"]
[Site "Kouty nad Desnou"]
[Date "2014.03.08"]
[Round "1"]
[White "Zachova, Tereza"]
[Black "Pisova, Petra"]
[Result "0-1"]
[WhiteElo "1059"]
[BlackElo "1233"]
[PlyCount "74"]
[EventDate "2014.03.08"]

1. e4 e5 2. Nf3 Nf6 3. Bc4 Nxe4 4. Nxe5 d5 5. Bb3 Bd6 6. Nxf7 Kxf7 7. Bxd5+ Ke8
8. Bxe4 Qe7 9. Nc3 Nc6 10. O-O Qh4 11. h3 Qg5 12. d4 Qf6 13. Nd5 Qxd4 14. Qh5+
Kf8 15. Qf3+ Ke8 16. Re1 Ne5 17. Qh5+ Kf8 18. c3 Qc4 19. Qh4 Be6 20. Rd1 Bf5
21. Qf4 Qxe4 22. Qg5 Bxh3 23. gxh3 Nf3+ 24. Kf1 Nxg5 25. Bxg5 Qh1+ 26. Ke2 Qxh3
27. Rd3 Qg4+ 28. f3 Qxg5 29. c4 Re8+ 30. Kd1 Qg1+ 31. Kd2 Qxa1 32. c5 Qxb2+ 33.
Kd1 Qe2+ 34. Kc1 Bxc5 35. Nxc7 Qxd3 36. Nxe8 Kxe8 37. f4 Ba3# 0-1

[Event "MCR mladeze 2014, D10"]
[Site "Kouty nad Desnou"]
[Date "2014.03.08"]
[Round "1"]
[White "Szuscikova, Natalie"]
[Black "Dudova, Pavlina"]
[Result "1/2-1/2"]
[WhiteElo "1223"]
[BlackElo "1047"]
[PlyCount "92"]
[EventDate "2014.03.08"]

1. e4 e5 2. Nf3 Nc6 3. Bc4 Nf6 4. d3 h6 5. Be3 d5 6. exd5 Nxd5 7. Bxd5 Qxd5 8.
Nc3 Qd8 9. O-O Bb4 10. h3 O-O 11. Qd2 Kh7 12. d4 exd4 13. Nxd4 Nxd4 14. Bxd4 c5
15. Qd3+ Kg8 16. Be3 Qxd3 17. cxd3 Bf5 18. Rad1 Rad8 19. Rfe1 Bxd3 20. Bf4 Bc4
21. Rxd8 Rxd8 22. Bc7 Rc8 23. Bf4 Bxc3 24. bxc3 Bxa2 25. Ra1 Bc4 26. Rxa7 b5
27. Rb7 Rd8 28. g4 Rd3 29. Be5 Rxh3 30. f4 Rg3+ 31. Kh2 Rxg4 32. Kh3 Be6 33.
Kh2 Rh4+ 34. Kg1 f6 35. f5 Bxf5 36. Bd6 Rc4 37. Rxb5 Rxc3 38. Bxc5 h5 39. Bd4
Rc1+ 40. Kh2 Bd3 41. Rxh5 Kf7 42. Kg3 Rd1 43. Bc5 g5 44. Kg4 Kg6 45. Rh8 f5+
46. Kf3 g4+ 1/2-1/2

[Event "MCR mladeze 2014, D10"]
[Site "Kouty nad Desnou"]
[Date "2014.03.08"]
[Round "1"]
[White "Kovarova, Sasa"]
[Black "Maresova, Michaela"]
[Result "0-1"]
[WhiteElo "1000"]
[BlackElo "1202"]
[PlyCount "54"]
[EventDate "2014.03.08"]

1. e4 e5 2. Nf3 Nc6 3. Bb5 d6 4. Bxc6+ bxc6 5. d4 Qe7 6. Bg5 Nf6 7. d5 cxd5 8.
exd5 h6 9. Bxf6 Qxf6 10. Nfd2 Rb8 11. Nc3 Rb4 12. O-O Qg6 13. a3 Bh3 14. Qf3
Rh4 15. Rae1 f5 16. Nb5 e4 17. Nxc7+ Kd7 18. Nxe4 fxe4 19. Rxe4 Rxe4 20. Qxe4
Qxe4 21. f3 Qg6 22. Rf2 Kxc7 23. Kf1 Bf5 24. g4 Bxc2 25. Rg2 Qd3+ 26. Re2 Bd1
27. Ke1 Qxe2# 0-1

[Event "MCR mladeze 2014, D10"]
[Site "Kouty nad Desnou"]
[Date "2014.03.08"]
[Round "1"]
[White "Fizerova, Lucie"]
[Black "Muzikarova, Magdalena"]
[Result "1-0"]
[WhiteElo "1160"]
[BlackElo "1000"]
[PlyCount "37"]
[EventDate "2014.03.08"]

1. e4 Nc6 2. d4 Nf6 3. Nc3 Nxd4 4. Qxd4 d5 5. exd5 Bg4 6. f3 e5 7. Qxe5+ Be7 8.
fxg4 O-O 9. Qg3 Qxd5 10. Nxd5 Bb4+ 11. Nxb4 Rae8+ 12. Be3 Ne4 13. Qxc7 Rc8 14.
Qxb7 Rxc2 15. Nxc2 Nc3 16. bxc3 a5 17. O-O-O Kh8 18. Qe7 a4 19. Qxf8# 1-0

[Event "MCR mladeze 2014, D10"]
[Site "Kouty nad Desnou"]
[Date "2014.03.09"]
[Round "2"]
[White "Malkova, Adriana"]
[Black "Vsetulova, Viktorie"]
[Result "1-0"]
[WhiteElo "1309"]
[BlackElo "1241"]
[PlyCount "59"]
[EventDate "2014.??.??"]

1. e4 e5 2. Nf3 Nc6 3. d4 exd4 4. Bc4 Nf6 5. O-O Nxe4 6. Re1 d5 7. Bxd5 Qxd5 8.
Nc3 Qh5 9. Nxe4 Be6 10. Bg5 Be7 11. Ng3 Qg6 12. Bxe7 Nxe7 13. Nxd4 O-O-O 14.
Qd2 h5 15. Qf4 Nd5 16. Qe5 Rde8 17. c4 Nb4 18. Nb5 Re7 19. Qc5 Nc6 20. Nxa7+
Nxa7 21. Qxa7 Kd8 22. Rad1+ Rd7 23. Qa8+ Ke7 24. Rxd7+ Kxd7 25. Rd1+ Ke7 26.
Qxh8 Bg4 27. Qd8+ Ke6 28. Re1+ Be2 29. Rxe2+ Qe4 30. Rxe4# 1-0

[Event "MCR mladeze 2014, D10"]
[Site "Kouty nad Desnou"]
[Date "2014.03.09"]
[Round "2"]
[White "Garska, Lenka"]
[Black "Pisova, Petra"]
[Result "1/2-1/2"]
[WhiteElo "1273"]
[BlackElo "1233"]
[PlyCount "65"]
[EventDate "2014.??.??"]

1. e4 e5 2. Nf3 Nf6 3. Nc3 Nc6 4. d4 d6 5. dxe5 dxe5 6. Qxd8+ Kxd8 7. Bg5 Bb4
8. O-O-O+ Ke8 9. Nd5 Nxd5 10. Rxd5 f6 11. Bd2 Be6 12. Rb5 Bxd2+ 13. Kxd2 b6 14.
c4 Rd8+ 15. Kc1 Nd4 16. Nxd4 Rxd4 17. Rb4 Rxe4 18. Bd3 Rf4 19. f3 Ke7 20. Be4
Rh4 21. h3 f5 22. Bd3 Rd4 23. Rd1 Rhd8 24. Be2 a5 25. Rxd4 Rxd4 26. Rb5 Kf6 27.
c5 Bc4 28. Bxc4 Rxc4+ 29. Kd1 Rxc5 30. Rxc5 bxc5 31. Kc2 Ke6 32. Kb3 Kd5 33.
Kc3 1/2-1/2

[Event "MCR mladeze 2014, D10"]
[Site "Kouty nad Desnou"]
[Date "2014.03.09"]
[Round "2"]
[White "Maresova, Micheala"]
[Black "Korenova, Karolina"]
[Result "1-0"]
[WhiteElo "1202"]
[BlackElo "1256"]
[PlyCount "43"]
[EventDate "2014.??.??"]

1. e4 e5 2. Nf3 Nc6 3. d4 exd4 4. Bc4 Nf6 5. O-O Bc5 6. e5 d5 7. exf6 dxc4 8.
Re1+ Be6 9. Ng5 Qxf6 10. Nxe6 fxe6 11. Qh5+ g6 12. Qxc5 Rf8 13. f3 Qh4 14. Bd2
O-O-O 15. Na3 Rfe8 16. Bg5 Rd5 17. Qxd5 Qh5 18. Rxe6 Rd8 19. Qc5 h6 20. g4 Qxg5
21. Qxg5 hxg5 22. Nxc4 1-0

[Event "MCR mladeze 2014, D10"]
[Site "Kouty nad Desnou"]
[Date "2014.03.09"]
[Round "2"]
[White "Dvorakova, Olga"]
[Black "Fizerova, Lucie"]
[Result "1-0"]
[WhiteElo "1245"]
[BlackElo "1160"]
[PlyCount "99"]
[EventDate "2014.??.??"]

1. e4 e5 2. Nf3 Nc6 3. Bc4 Nf6 4. d3 d6 5. Be3 Bg4 6. Nbd2 Be7 7. Qe2 O-O 8.
O-O d5 9. exd5 Nxd5 10. c3 f5 11. b4 Bd6 12. Bxd5+ Kh8 13. Bxc6 bxc6 14. Qe1
Qe7 15. Rb1 e4 16. dxe4 fxe4 17. Nd4 Qe5 18. f4 exf3 19. N2xf3 Bxf3 20. Nxf3
Rxf3 21. Rxf3 Qxh2+ 22. Kf1 Qh1+ 23. Bg1 Bh2 24. Qf2 Bd6 25. Rh3 Qxh3 26. gxh3
Rf8 27. Qxf8+ Bxf8 28. Re1 Kg8 29. Re8 Kf7 30. Rc8 Bd6 31. Bxa7 Ke7 32. Bd4 Kd7
33. Rh8 g6 34. Rxh7+ Be7 35. Bf6 Ke6 36. Bxe7 Kf5 37. a4 Ke6 38. a5 Kf5 39. a6
Ke6 40. a7 Kf5 41. a8=Q Ke4 42. Qxc6+ Ke3 43. Rh4 Kd2 44. Qf3 Kc2 45. c4 Kd2
46. Rd4+ Kc2 47. Qd3+ Kb2 48. Qe3 Kc2 49. Rd2+ Kc1 50. Qe1# 1-0

[Event "MCR mladeze 2014, D10"]
[Site "Kouty nad Desnou"]
[Date "2014.03.09"]
[Round "2"]
[White "Stastna, Martina"]
[Black "Szuscikova, Natalie"]
[Result "1-0"]
[WhiteElo "1119"]
[BlackElo "1223"]
[PlyCount "97"]
[EventDate "2014.03.08"]

1. e4 e5 2. Nf3 Nc6 3. Bc4 Nf6 4. Nc3 Be7 5. d3 d6 6. Be3 Na5 7. Bb3 c5 8. Ba4+
Nc6 9. Nd5 O-O 10. Nxe7+ Qxe7 11. Bg5 h6 12. Bh4 Bg4 13. h3 Bh5 14. c3 Qe6 15.
Bb3 Qe7 16. Qe2 b5 17. Bd5 Rac8 18. Qe3 a5 19. O-O b4 20. Nh2 bxc3 21. bxc3
Rfd8 22. Rab1 Na7 23. Rb7 Qe8 24. Rxa7 Rb8 25. Rb7 Rxb7 26. Bxb7 Rb8 27. Ba6
Rb2 28. Bc4 Qb8 29. Bb3 a4 30. Bd5 Rb1 31. Bxf6 Rxf1+ 32. Kxf1 Qb1+ 33. Qe1
Qxd3+ 34. Kg1 gxf6 35. Qe3 Qd1+ 36. Nf1 Be2 37. Qg3+ Kf8 38. Qh4 Bxf1 39. Kh2
Kg7 40. Qg3+ Kf8 41. Qh4 Ke7 42. Qxh6 Qe2 43. Qh7 Qxf2 44. Qxf7+ Kd8 45. Qf8+
Kd7 46. Qg7+ Kd8 47. Be6 Ke8 48. Qf7+ Kd8 49. Qd7# 1-0

[Event "MCR mladeze 2014, D10"]
[Site "Kouty nad Desnou"]
[Date "2014.03.09"]
[Round "2"]
[White "Dudova, Pavlina"]
[Black "Vavrinkova, Anna"]
[Result "0-1"]
[WhiteElo "1047"]
[BlackElo "1284"]
[PlyCount "38"]
[EventDate "2014.03.08"]

1. e4 d5 2. exd5 Qxd5 3. Nc3
Qd6 4. Nf3 Nf6 5. d4 Bg4 6. Be2 c6 7. h3 Bh5 8. O-O e6 9. Bg5 Nbd7 10. Re1 Qc7
11. Bxf6 Nxf6 12. Ne5 Bxe2 13. Rxe2 Bd6 14. Nf3 O-O 15. Qd3 Rad8 16. Rae1 c5
17. dxc5 Bh2+ 18. Nxh2 Rxd3 19. cxd3 Qxc5 0-1

[Event "MCR mladeze 2014, D10"]
[Site "Kouty nad Desnou"]
[Date "2014.03.09"]
[Round "2"]
[White "Ruzickova, Aneta"]
[Black "Lhotska, Anna"]
[Result "0-1"]
[WhiteElo "1083"]
[BlackElo "1160"]
[PlyCount "66"]
[EventDate "2014.03.08"]

1. e4 e5 2. Nf3 Nf6 3. Nxe5 d6 4. Nf3 Nc6 5. Bb5 Be7 6. e5 dxe5 7. Nxe5 Qd5 8.
Bxc6+ bxc6 9. Qe2 O-O 10. Nc3 Qe6 11. O-O Bd6 12. Nxc6 Qf5 13. d3 Bb7 14. Ne7+
Bxe7 15. Qxe7 Qg4 16. g3 Qf3 17. Ne4 Nxe4 18. dxe4 Bxe4 19. Qxe4 Qxe4 20. Bf4
Rfe8 21. Bd2 Rad8 22. Ba5 h5 23. Rfe1 Qf5 24. Bxc7 Rxe1+ 25. Rxe1 Rc8 26. Re5
Qf6 27. Rc5 Qe6 28. Re5 Qf6 29. Rc5 Qe6 30. Re5 Qd7 31. Ba5 h4 32. g4 h3 33.
Rh5 Qd1+ 0-1

[Event "MCR mladeze 2014, D10"]
[Site "Kouty nad Desnou"]
[Date "2014.03.09"]
[Round "2"]
[White "Zachova, Tereza"]
[Black "Ruzickova, Ema"]
[Result "0-1"]
[WhiteElo "1059"]
[BlackElo "1116"]
[PlyCount "50"]
[EventDate "2014.03.08"]

1. e4 e5 2. Nf3 Nc6 3. Bc4 Nf6 4. Ng5 d5 5. exd5 Na5 6. Bd3 Qxd5 7. Nc3 Qxg2 8.
Rf1 Qxg5 9. Nb5 Bd6 10. Nxd6+ cxd6 11. Bb5+ Nc6 12. d4 Qf5 13. Qe2 O-O 14. Rg1
Nxd4 15. Qf1 Nf3+ 16. Ke2 Nxg1+ 17. Qxg1 Qe4+ 18. Be3 Qxc2+ 19. Kf3 Bg4+ 20.
Kg3 Qe4 21. Kh4 Qg6 22. Qg2 Qh5+ 23. Kg3 d5 24. Rc1 Ne4+ 25. Qxe4 Qh3# 0-1

[Event "MCR mladeze 2014, D10"]
[Site "Kouty nad Desnou"]
[Date "2014.03.09"]
[Round "2"]
[White "Habinova, Alice"]
[Black "Kovarova, Sasa"]
[Result "1-0"]
[WhiteElo "1100"]
[BlackElo "1000"]
[PlyCount "21"]
[EventDate "2014.03.08"]

1. e4 e5 2. Nf3 Nc6 3. d4 exd4 4. Nxd4 Nxd4 5. Qxd4 c5 6. Qd3 Qa5+ 7. Bd2 Qd8
8. Qf3 Bd6 9. Bc4 Nh6 10. Bxh6 gxh6 11. Qxf7# 1-0

[Event "MCR mladeze 2014, D10"]
[Site "Kouty nad Desnou"]
[Date "2014.03.09"]
[Round "2"]
[White "Muzikarova, Magdalena"]
[Black "Michalkova, Viktorie Nela"]
[Result "0-1"]
[WhiteElo "1000"]
[BlackElo "1100"]
[PlyCount "38"]
[EventDate "2014.03.08"]

1. e4 e5 2. Bb5 a6 3. Bxd7+ Bxd7 4. Nf3 Nc6 5. Nc3 Nf6 6. O-O Bg4 7. d4 exd4 8.
Qd3 Bc5 9. Bg5 h6 10. e5 hxg5 11. exf6 gxf6 12. Rfe1+ Ne7 13. Nd5 Qxd5 14. Nxd4
Bxd4 15. Qe2 Bxe2 16. Rxe2 Be5 17. b3 Rxh2 18. f4 gxf4 19. Kxh2 f3+ 0-1

[Event "MCR mladeze 2014, D10"]
[Site "Kouty nad Desnou"]
[Date "2014.03.10"]
[Round "3"]
[White "Maresova, Micheala"]
[Black "Malkova, Adriana"]
[Result "1/2-1/2"]
[WhiteElo "1202"]
[BlackElo "1309"]
[PlyCount "29"]
[EventDate "2014.??.??"]

1. e4 c5 2. Nf3 e6 3. d4 cxd4 4. Nxd4 a6 5. Nc3 Qc7 6. Be3 Bc5 7. a3 b6 8. b4
Bxb4 9. axb4 Qxc3+ 10. Ke2 Qc4+ 11. Ke1 Qc3+ 12. Ke2 Qc4+ 13. Ke1 Qc3+ 14. Ke2
Qc4+ 15. Ke1 1/2-1/2

[Event "MCR mladeze 2014, D10"]
[Site "Kouty nad Desnou"]
[Date "2014.03.10"]
[Round "3"]
[White "Stastna, Martina"]
[Black "Dvorakova, Olga"]
[Result "0-1"]
[WhiteElo "1119"]
[BlackElo "1245"]
[PlyCount "150"]
[EventDate "2014.??.??"]

1. e4 e5 2. Nf3 Nc6 3. Bc4 Nf6 4. d3 Bc5 5. Bg5 d6 6. Nc3 Be6 7. Bb3 Qe7 8. Qe2
h6 9. Bh4 Bg4 10. Ba4 a6 11. Nd5 Qd8 12. c3 g5 13. h3 b5 14. Bb3 Bxf3 15. Qxf3
Nxd5 16. Bxd5 Qd7 17. Qf6 Rh7 18. Bg3 Rd8 19. h4 g4 20. f4 gxf3 21. gxf3 Ne7
22. Bb3 Ng6 23. h5 Nf8 24. Rh4 Qe7 25. Qf5 Qd7 26. Qxd7+ Nxd7 27. Rg4 Nf6 28.
Bh4 Nxg4 29. Bxd8 Kxd8 30. fxg4 Rg7 31. O-O-O Ke7 32. d4 exd4 33. cxd4 Bb6 34.
e5 dxe5 35. dxe5 Rxg4 36. Re1 f5 37. exf6+ Kxf6 38. Re6+ Kg5 39. Re5+ Kh4 40.
Bd1 Rg5 41. Re6 Rg3 42. Kc2 Be3 43. Rxa6 Bb6 44. Ra8 Rg2+ 45. Kb3 Rd2 46. Bf3
Rd3+ 47. Kb4 Rxf3 48. Kxb5 Kxh5 49. b4 Kg5 50. Rg8+ Kh4 51. a4 Rf5+ 52. Kc4 h5
53. Kd3 Kh3 54. Ke4 Rf2 55. Rg5 h4 56. Rh5 Kg3 57. Rg5+ Kh2 58. Rh5 h3 59. Rg5
Rg2 60. Rh5 Rg4+ 61. Kf3 Rxb4 62. Rd5 Rb3+ 63. Kf4 c5 64. Rd2+ Kg1 65. Rd1+ Kf2
66. Ra1 Rb2 67. Ra3 h2 68. Rf3+ Kg1 69. Rg3+ Rg2 70. Ra3 Rf2+ 71. Kg4 h1=Q 72.
Kg5 Qg2+ 73. Kh4 Rf4+ 74. Kh5 Rf8 75. Rh3 Rh8# 0-1

[Event "MCR mladeze 2014, D10"]
[Site "Kouty nad Desnou"]
[Date "2014.03.10"]
[Round "3"]
[White "Korenova, Karolina"]
[Black "Garska, Lenka"]
[Result "1-0"]
[WhiteElo "1256"]
[BlackElo "1273"]
[PlyCount "79"]
[EventDate "2014.??.??"]

1. e4 e5 2. Nf3 Nc6 3. d4 exd4 4. Nxd4 Bc5 5. Be3 d6 6. Nxc6 bxc6 7. Bxc5 dxc5
8. Qxd8+ Kxd8 9. Nc3 Bd7 10. O-O-O Nf6 11. Bc4 Rf8 12. f3 Ke7 13. Na4 Rfd8 14.
Nxc5 Kf8 15. e5 Nh5 16. Rxd7 Rxd7 17. Nxd7+ Ke8 18. Nc5 Nf4 19. Na6 Rc8 20. Rg1
Kd8 21. Bxf7 Ne2+ 22. Kd1 Nxg1 23. Ke1 Ke7 24. Bb3 Nxf3+ 25. gxf3 Rf8 26. Kf2
Kd7 27. Nc5+ Ke7 28. Na6 Kd7 29. Ke3 Re8 30. Ke4 Re7 31. Nc5+ Kd8 32. Be6 a6
33. f4 a5 34. f5 g5 35. f6 Re8 36. Bf7 Rf8 37. Ne6+ Kc8 38. Nxf8 h5 39. Bxh5 c5
40. e6 1-0

[Event "MCR mladeze 2014, D10"]
[Site "Kouty nad Desnou"]
[Date "2014.03.10"]
[Round "3"]
[White "Pisova, Petra"]
[Black "Vsetulova, Viktorie"]
[Result "1/2-1/2"]
[WhiteElo "1233"]
[BlackElo "1241"]
[PlyCount "74"]
[EventDate "2014.??.??"]

1. e4 e5 2. Nf3 Nc6 3. Nc3 Nf6 4. Bb5 d6 5. Bxc6+ bxc6 6. d3 Bg4 7. Bg5 Be7 8.
O-O O-O 9. h3 Bh5 10. Rb1 d5 11. Qe2 Qd6 12. exd5 cxd5 13. Nb5 Qd7 14. c4 e4
15. Bxf6 Rfe8 16. dxe4 Bxf6 17. cxd5 Bxf3 18. Qxf3 Qxb5 19. b3 Rad8 20. a4 Qa5
21. Rfc1 Re5 22. Qc3 Qxc3 23. Rxc3 Rxe4 24. Rxc7 h6 25. Rd1 Re5 26. d6 Kf8 27.
Rxa7 Re6 28. Ra6 Be5 29. g3 Rexd6 30. Rdxd6 Rxd6 31. Ra7 Rd2 32. b4 Bd4 33.
Ra8+ Ke7 34. a5 Rxf2 35. Kh1 Rf1+ 36. Kg2 Rf2+ 37. Kh1 Rf1+ 1/2-1/2

[Event "MCR mladeze 2014, D10"]
[Site "Kouty nad Desnou"]
[Date "2014.03.10"]
[Round "3"]
[White "Vavrinkova, Anna"]
[Black "Ruzickova, Ema"]
[Result "1-0"]
[WhiteElo "1284"]
[BlackElo "1116"]
[PlyCount "73"]
[EventDate "2014.03.08"]

1. e4 e5 2. Nf3 Nc6 3. Bb5 f5 4. Bxc6 dxc6 5. Nxe5 Nf6 6. exf5 Bd6 7. Qe2 Bxf5
8. Nxc6+ Qe7 9. Nxe7 Bxe7 10. d3 Rf8 11. O-O Rf7 12. Bf4 O-O-O 13. Qe5 Nd5 14.
Nc3 Nxf4 15. Qxf4 Be6 16. Qe3 Rf6 17. d4 Rg6 18. d5 Bf5 19. g3 Re8 20. Qxa7 Ra6
21. Qd4 Bf6 22. Qf4 Re5 23. Rfe1 g5 24. Qf3 g4 25. Qf4 Rd6 26. Rxe5 Bxe5 27.
Qxf5+ Rd7 28. Qxe5 Kd8 29. Qh8+ Ke7 30. Re1+ Kd6 31. Re6+ Kc5 32. Qe5 b6 33.
d6+ Kc6 34. Qb5+ Kb7 35. Qxd7 Ka6 36. dxc7 Ka5 37. Qa4# 1-0

[Event "MCR mladeze 2014, D10"]
[Site "Kouty nad Desnou"]
[Date "2014.03.10"]
[Round "3"]
[White "Fizerova, Lucie"]
[Black "Habinova, Alice"]
[Result "1-0"]
[WhiteElo "1160"]
[BlackElo "1100"]
[PlyCount "101"]
[EventDate "2014.03.08"]

1. e4 c5 2. Nf3 d6 3. Bc4 Nf6 4. Nc3 Nc6 5. d3 e6 6. Bg5 Be7 7. Bxf6 Bxf6 8.
Qd2 a6 9. O-O O-O 10. Rfe1 b5 11. Bb3 d5 12. exd5 exd5 13. Bxd5 Nd4 14. Bxa8
Nf5 15. Re2 Be6 16. Be4 Nd6 17. Rd1 c4 18. dxc4 b4 19. Qxd6 Qxd6 20. Rxd6 bxc3
21. bxc3 Bxc4 22. Bd5 Bxe2 23. Bb7 Bxc3 24. h3 Ba5 25. Bxa6 Bxa6 26. Rxa6 Bc7
27. g3 Rd8 28. Rc6 Rd1+ 29. Kg2 h6 30. Rxc7 Kh7 31. Rxf7 Kg6 32. Rc7 Kf5 33.
Rxg7 Ke4 34. Rg4+ Kf5 35. Nh4+ Ke5 36. f4+ Ke4 37. f5+ Ke3 38. Nf3 Rc1 39. Rc4
Rd1 40. Rd4 Rc1 41. Rc4 Rd1 42. f6 Rd7 43. Rc3+ Ke4 44. g4 Rf7 45. a4 Rxf6 46.
Ra3 Rc6 47. Nd2+ Kf4 48. Ra2 Re6 49. Kf2 Re3 50. a5 Rxh3 51. a6 1-0

[Event "MCR mladeze 2014, D10"]
[Site "Kouty nad Desnou"]
[Date "2014.03.10"]
[Round "3"]
[White "Lhotska, Anna"]
[Black "Michalkova, Viktorie Nela"]
[Result "1-0"]
[WhiteElo "1160"]
[BlackElo "1100"]
[PlyCount "49"]
[EventDate "2014.03.08"]

1. e4 e5 2. Nf3 Nc6 3. Nc3 Nf6 4. d4 exd4 5. Nxd4 Bc5 6. Be3 d6 7. Bb5 a6 8.
Nxc6 bxc6 9. Bxc6+ Bd7 10. Bxa8 Qxa8 11. Nd5 Qc8 12. Bxc5 dxc5 13. Qd2 Nxe4 14.
Qe3 f5 15. f3 Bc6 16. fxe4 O-O 17. Ne7+ Kh8 18. Nxc8 Rxc8 19. O-O-O Kg8 20.
exf5 Re8 21. Qb3+ Kh8 22. Rhe1 Rf8 23. Qf7 Rxf7 24. Rd8+ Rf8 25. Rxf8# 1-0

[Event "MCR mladeze 2014, D10"]
[Site "Kouty nad Desnou"]
[Date "2014.03.10"]
[Round "3"]
[White "Szuscikova, Natalie"]
[Black "Ruzickova, Aneta"]
[Result "1-0"]
[WhiteElo "1223"]
[BlackElo "1083"]
[PlyCount "53"]
[EventDate "2014.03.08"]

1. e4 e5 2. Nf3 Nc6 3. Bc4 Bc5 4. Nc3 Nf6 5. d3 d6 6. Bg5 h6 7. Bh4 Bg4 8. Nd5
Nd4 9. Bxf6 gxf6 10. h3 Nxf3+ 11. gxf3 Be6 12. Qd2 c6 13. Nc3 Qe7 14. O-O-O
O-O-O 15. Rhg1 Bxh3 16. Rg7 Rhf8 17. Qxh6 Be6 18. a4 Bxf2 19. a5 a6 20. Na4 Rg8
21. Nb6+ Kb8 22. Rxg8 Rxg8 23. Qh7 Rf8 24. Qh6 Bg3 25. Qh5 d5 26. exd5 Bf4+ 27.
Kb1 {necitekny zapis} 1-0

[Event "MCR mladeze 2014, D10"]
[Site "Kouty nad Desnou"]
[Date "2014.03.10"]
[Round "3"]
[White "Dudova, Pavlina"]
[Black "Zachova, Tereza"]
[Result "1-0"]
[WhiteElo "1047"]
[BlackElo "1059"]
[PlyCount "49"]
[EventDate "2014.03.08"]

1. e4 e5 2. Nf3 Nc6 3. Bb5 Nf6 4. Nc3 Bb4 5. d3 d6 6. O-O Bg4 7. h3 Bxf3 8.
Qxf3 Qd7 9. a3 Bc5 10. Be3 O-O-O 11. b4 Bd4 12. Bxd4 exd4 13. Nd5 Rdg8 14. a4
Nxd5 15. exd5 g5 16. dxc6 bxc6 17. Bxc6 Qe6 18. Bd5 Qd7 19. Bxf7 Rg7 20. Bh5
Qd8 21. Bg4+ Kb8 22. Qd5 a6 23. b5 h5 24. bxa6 hxg4 25. Qb7# 1-0

[Event "MCR mladeze 2014, D10"]
[Site "Kouty nad Desnou"]
[Date "2014.03.10"]
[Round "3"]
[White "Kovarova, Sasa"]
[Black "Muzikarova, Magdalena"]
[Result "1-0"]
[WhiteElo "1000"]
[BlackElo "1000"]
[PlyCount "57"]
[EventDate "2014.03.08"]

1. e4 Nf6 2. e5 Ne4 3. Bd3 Nxf2 4. Qe2 Nxh1 5. Bc4 Nc6 6. d3 Nxe5 7. Bb5 Nxd3+
8. Qxd3 e5 9. Be3 Bb4+ 10. Bd2 O-O 11. Bxb4 d6 12. Nc3 Be6 13. O-O-O Qc8 14.
Nh3 Bf5 15. Ne4 Bxh3 16. gxh3 c6 17. Bc4 d5 18. Bb3 dxe4 19. Qxe4 Nf2 20. Qxe5
Nxd1 21. Kxd1 Re8 22. Qd6 Qd8 23. Kc1 Re1+ 24. Kd2 c5 25. Bxc5 b6 26. Bb4 Qg5+
27. Kxe1 Rd8 28. Qc7 Qe7+ 29. Bxe7 1-0